| 000 | 00965nam a22002057a 4500 | ||
|---|---|---|---|
| 999 |
_c58 _d58 |
||
| 003 | AR-CdUCM | ||
| 008 | 190221b ||||| |||| 00| 0 spa d | ||
| 040 |
_aMUNICIPALIDAD PROVINCIAL DEL CUSCO _cBIBLIOTECA MUNICIPAL DEL CUSCO |
||
| 082 |
_a985.541008 / _bA93P |
||
| 100 |
_aConsejo Nacional de la Universidad Peruana _9283 |
||
| 245 |
_aHuamanga una larga historia : _bHomenaje al sesquicentenario de la batalla de Ayacucho / |
||
| 260 |
_aLima : _bTalleres de artes gráficas de editorial jurídica s.a, _c1974. |
||
| 300 |
_a429 páginas ; _bIlustraciones. _c24.5 cm. |
||
| 505 | _aContenido: Huamanga entre 1539-1547 (examen del primer libro del cabildo) -- Pedro Cieza de León -- Damian de la Bandera -- Pedro de Rivera y Antonio de Chavez de Guevara -- Fray Reginaldo de Lizarraga ... | ||
| 650 |
_aLibro del cabildo _9284 |
||
| 650 |
_aJose de la Riva-Aguero y Osma _9285 |
||
| 650 |
_aAntonio Raimondi _9286 |
||
| 942 |
_2ddc _cLIBROS |
||
| 945 |
_aafb _d2019-02-20 |
||